| 000 | 01106nam a22003497a 4500 | ||
|---|---|---|---|
| 001 | 000025792 | ||
| 003 | CHAP | ||
| 005 | 20220329134722.0 | ||
| 008 | 971013s1978 es a r 00010 spa d | ||
| 010 | _a24746 | ||
| 011 | _a25718 | ||
| 035 | _a29818 | ||
| 040 | _cCHAP | ||
| 082 | 0 | 4 |
_a576 _bB7Y 1978 |
| 100 | 0 | 0 |
_aBrock, Thomas D. _915476 |
| 245 | 1 | 0 | _aBiología de los microorganismos. |
| 250 | _a2 ed. | ||
| 260 |
_aBarcelona : _bOmega, _c1978. |
||
| 300 |
_a774 p. : _b: ilus. ; gráfs. |
||
| 590 |
_aBATCH-UPD _b10 _c20130110 _lUCH01 _h2027 |
||
| 590 |
_aBATCH-UPD _b10 _c20130410 _lUCH01 _h1345 |
||
| 590 |
_aBATCH-UPD _b10 _c20130914 _lUCH01 _h1817 |
||
| 590 |
_aCONVERSION _b10 _c20130109 _lUCH01 _h1314 |
||
| 590 |
_aE11695DGD _b10 _c20131023 _lUCH01 _h1312 |
||
| 650 | 1 | 4 |
_aMicrobiología. _975490 |
| 901 | _aBK | ||
| 942 | _cLIBRO | ||
| 942 | _n0 | ||
| 949 |
_a576 B7Y 1974 _bBC _cLIBRO _d33724000721361 _eLIBRO _fc.3 _h48409 _i29818 _si |
||
| 949 |
_a576 B7Y 1974 _bBC _cLIBRO _d33724000906996 _eLIBRO _h29957 _i29818 _si |
||
| 949 |
_a576 B7Y 1974 _bBC _cLIBRO _d33724002233850 _eLIBRO _fc.2 _h48409 _i29818 _so |
||
| 999 |
_c24746 _d24746 |
||